000 00226nam a22001217a 4500
041 _aENG
100 _aDogle J
245 _aRasaynik Khare
260 _aPune
_bPune
_c1999
300 _a232
650 _aGAE
856 _uGAE
999 _c2573
_d2573